A Pile of Random Questions about Numbers - Statistics

General Stats
  • This quiz has been taken 53 times
    52 since last reset
  • The average score is 11 of 23
Answer Stats
Hint Answer % Correct
What is 100 squared? 10,000
74%
How many degrees in a right angle? 90
71%
Eight to the power of ______ equals 1 0
64%
What is the absolute value of 20 20
62%
What is 894 + 78? 972
62%
What number precedes 1920394584 1920394583
60%
What number is MMCCCXVII? 2,317
60%
Any number below zero Negative
57%
x/7=7 49
55%
The bottom number of a fraction Denominator
55%
What are two fifths of 650? 260
48%
How many numbers are there? Infinite
48%
A number whose only factors are itself and one Prime Number
48%
What type of numerals do most countries use? Arabic Numerals
45%
What is the least common multiple of 6 and 8 24
40%
What two-digit number has the most syllables Seventy Seven
40%
What is the Roman Numeral for 1,987 MCMLXXXVII
38%
Pi, Radical Two, and Radical Three are examples of this kind of number Irrational Numbers
36%
In what place is 4 in in the number 123.456 Tenths
36%
Write this number in word form 2819372 Two Million Eight Hundred Nineteen Thousand Three Hundred Seventy Two
31%
What is the answer to a division problem Quotient
29%
What is 98 as a percent 9800%
19%
What are the two numbers that make up the product Factors
19%
No matching quizzes found
Score Distribution
Percent of People with Each Score
Percentile by Number Answered
Your Score History
You have not taken this quiz since the last reset